000 01120cad a22002175a 4500
001 L157769
008 130510s2013 xxk f 000 0 eng d
035 _a(Sirsi) u157769
041 0 _aeng
110 2 _aCandy & Candy
_96130
245 0 0 _aCandy GPS report
_bA detailed analysis of the residential Global Prime Sector
260 _aLondon
_bCandy&Candy
_c2013
520 _aThe continued growth in the number of ultra-high-net-worth individuals (UHNWI) around the world has fuelled a demand for ultra-prime residential properties in key global cities. Focuses on those markets in London, New York, Hong Kong and Singapore and compares the costs for overseas buyers and sellers purchasing and selling properties worth over £10 million. Concludes with a look at the global ultra prime leisure sector.
590 _aKA
651 4 _aInternational
690 _aResidential property
_96266
710 1 _aDeutsche Asset and Wealth Management
710 1 _aSavills
_92020
856 4 0 _uhttps://www.savills.co.uk/research_articles/141285/145690-0
_zView the item free of charge from www.savills.co.uk
942 _n0
999 _c114958
_d114958